00512 2200193 4500245006800000020002200068250001100090700001900101700001700120650002100137650001000158005001900168260004400187041001400231084001000245300002000255490003400275336000900309 aKisah Petualangan Buaya dan Hewan LainnyacSastri SunartihText a978-623-00-3029-1 aCet. 1 aSastri Sunarti aKrisna Putra aCerita Bergambar aEbook a20241029143325 aJakartabPT elex media Komputindoc2021 aIndonesia a741.5 a34 hlm :bpdf ; aSeri Antologi Fabel Nusantara atext